=LDR 00000nam 2200000 4500 =001 INLIS000000000060566 =005 20220223084911 =035 ##$$a 0010-0222000120 =007 ta =008 220223###########################0#ind## =020 ##$$a tidak Teridentifikasi =082 ##$$a R.348.02 =084 ##$$a R.348.02 Per p =245 ##$$a Peraturan Mendagri No. 53 th 2011 Ttg Pembentukan Produk Hukum Daerah =300 ##$$a 191 halaman ; $c 21 cm =650 #4$$a Undang2 dan peraturan =264 ##$$a Jakarta :$b Eko jaya,$c 2011 =336 ##$$a teks$2 rdacontent =337 ##$$a lain-lain$2 rdamedia =338 ##$$a lain-lain$2 rdacarrier =990 ##$$a 06480648